000
00216pam a2200133 a 4500
020
_c
041
_h
100
_a
CPR
245
_a
Energy
260
_c
1993
300
_a
9
653
_a
Energy
930
_a
934
999
_c
246787
_d
246787